Old Lahore : (Record no. 330772)
[ view plain ]
| 000 -LEADER | |
|---|---|
| fixed length control field | 01082cam a22002894a 4500 |
| 001 - CONTROL NUMBER | |
| control field | 14589374 |
| 003 - CONTROL NUMBER IDENTIFIER | |
| control field | NUST |
| 005 - DATE AND TIME OF LATEST TRANSACTION | |
| control field | 20170806111419.0 |
| 008 - FIXED-LENGTH DATA ELEMENTS--GENERAL INFORMATION | |
| fixed length control field | 061011r2006 pk ab b 001 0 eng |
| 010 ## - LIBRARY OF CONGRESS CONTROL NUMBER | |
| LC control number | 2006312519 |
| 020 ## - INTERNATIONAL STANDARD BOOK NUMBER | |
| International Standard Book Number | 9693518748 |
| 025 ## - OVERSEAS ACQUISITION NUMBER | |
| Overseas acquisition number | P-E-2006312519 ; 20 |
| 040 ## - CATALOGING SOURCE | |
| Original cataloging agency | DLC |
| Transcribing agency | DLC |
| 043 ## - GEOGRAPHIC AREA CODE | |
| Geographic area code | a-pk--- |
| 050 00 - LIBRARY OF CONGRESS CALL NUMBER | |
| Classification number | DS392.2.L3 |
| Item number | G68 2006 |
| 082 ## - DEWEY DECIMAL CLASSIFICATION NUMBER | |
| Classification number | 954.9143 |
| Author Mark | GOU |
| 100 1# - MAIN ENTRY--PERSONAL NAME | |
| Personal name | Goulding, Henry Raynor. |
| 9 (RLIN) | 3748 |
| 245 10 - TITLE STATEMENT | |
| Title | Old Lahore : |
| Remainder of title | reminiscences of a resident / |
| Statement of responsibility, etc. | by H. R. Goulding ; with which is reproduced historical and descriptive account by T. H. Thornton. |
| 260 ## - PUBLICATION, DISTRIBUTION, ETC. | |
| Place of publication, distribution, etc. | Lahore : |
| Name of publisher, distributor, etc. | Sang-e-Meel Publications, |
| Date of publication, distribution, etc. | 2006. |
| 300 ## - PHYSICAL DESCRIPTION | |
| Extent | 136 p. : |
| Other physical details | col. ill. (folded map) ; |
| Dimensions | 21 cm. |
| 500 ## - GENERAL NOTE | |
| General note | Previous ed. : Universal Books, [1976?] |
| 504 ## - BIBLIOGRAPHY, ETC. NOTE | |
| Bibliography, etc. note | Includes bibliographical references and index. |
| 651 #0 - SUBJECT ADDED ENTRY--GEOGRAPHIC NAME | |
| Geographic name | Lahore (Pakistan) |
| General subdivision | Description and travel. |
| 9 (RLIN) | 3749 |
| 651 #0 - SUBJECT ADDED ENTRY--GEOGRAPHIC NAME | |
| Geographic name | Lahore (Pakistan) |
| General subdivision | History. |
| 9 (RLIN) | 3750 |
| 700 1# - ADDED ENTRY--PERSONAL NAME | |
| Personal name | Thornton, T. H. |
| 9 (RLIN) | 3751 |
| 906 ## - LOCAL DATA ELEMENT F, LDF (RLIN) | |
| a | 7 |
| b | cbc |
| c | origode |
| d | 3 |
| e | ncip |
| f | 20 |
| g | y-gencatlg |
| 942 ## - ADDED ENTRY ELEMENTS (KOHA) | |
| Source of classification or shelving scheme | |
| Koha item type | Book |
| Withdrawn status | Lost status | Source of classification or shelving scheme | Damaged status | Not for loan | Collection code | Permanent Location | Current Location | Shelving location | Date acquired | Full call number | Barcode | Date last seen | Copy number | Price effective from | Koha item type |
|---|---|---|---|---|---|---|---|---|---|---|---|---|---|---|---|
| Central Library (CL) | Central Library (CL) | Book Cart | 08/06/2017 | 954.9143 GOU | CL2377 | 08/06/2017 | 2 | 08/06/2017 | Reference | ||||||
| Central Library (CL) | Central Library (CL) | Book Cart | 08/06/2017 | 954.9143 GOU | CL2721 | 08/06/2017 | 2 | 08/06/2017 | Reference |
